<?xml version="1.0" encoding="UTF-8"?>
<collection xmlns="http://www.loc.gov/MARC21/slim">
 <record>
  <leader>02030nam a2200241Ia 4500</leader>
  <controlfield tag="001">CTU_208347</controlfield>
  <controlfield tag="008">210402s9999    xx            000 0 und d</controlfield>
  <datafield tag="020" ind1=" " ind2=" ">
   <subfield code="c">148000</subfield>
  </datafield>
  <datafield tag="082" ind1=" " ind2=" ">
   <subfield code="a">345.597</subfield>
  </datafield>
  <datafield tag="082" ind1=" " ind2=" ">
   <subfield code="b">B205/Q.2</subfield>
  </datafield>
  <datafield tag="100" ind1=" " ind2=" ">
   <subfield code="a">Phạm, Văn Beo</subfield>
  </datafield>
  <datafield tag="245" ind1=" " ind2="0">
   <subfield code="a">Luật hình sự Việt Nam</subfield>
  </datafield>
  <datafield tag="245" ind1=" " ind2="0">
   <subfield code="c">Phạm Văn Beo</subfield>
  </datafield>
  <datafield tag="260" ind1=" " ind2=" ">
   <subfield code="a">Hà Nội</subfield>
  </datafield>
  <datafield tag="260" ind1=" " ind2=" ">
   <subfield code="b">Chính trị quốc gia</subfield>
  </datafield>
  <datafield tag="260" ind1=" " ind2=" ">
   <subfield code="c">2012</subfield>
  </datafield>
  <datafield tag="520" ind1=" " ind2=" ">
   <subfield code="a">Sách gồm 15 bài tập trung giới thiệu về các loại tội phạm được quy định trong Bộ luật hình sự Việt Nam như: Một số vấn đề lý luận về xác định tội danh và phương pháp xác định tội danh, khung hình phạt; Các tội xâm phạm an ninh quốc gia; Các tội xâm phạm tính mạng, sức khỏe, nhân phẩm, danh dự của con người; Các tội xâm phạm quyền tự do, dân chủ của công dân; Các tội xâm phạm sở hữu; Các tội xâm phạm đến chế độ hôn nhân và gia đình; Các tội xâm phạm trật tự quản lý kinh tế; Các tội phạm về môi trường; Các tội phạm về ma túy; Các tội xâm phạm an toàn công cộng, trật tự công cộng; Các tội xâm phạm trật tự quản lý hành chính; Các tội phạm về chức vụ; Các tội xâm phạm hoạt động tư pháp; Các tội xâm phạm nghĩa vụ, trách nhiệm quân nhân; Các tội phá hoại hòa bình, chống loài người và các tội phạm chiến tranh.</subfield>
  </datafield>
  <datafield tag="526" ind1=" " ind2=" ">
   <subfield code="a">Các tội phạm kinh tế</subfield>
  </datafield>
  <datafield tag="526" ind1=" " ind2=" ">
   <subfield code="b">KL604</subfield>
  </datafield>
  <datafield tag="650" ind1=" " ind2=" ">
   <subfield code="a">Criminal procedure,Criminal law,Luật hình sự,Tố tụng hình sự</subfield>
  </datafield>
  <datafield tag="650" ind1=" " ind2=" ">
   <subfield code="z">Vietnam,Vietnam,Việt Nam,Việt Nam</subfield>
  </datafield>
  <datafield tag="904" ind1=" " ind2=" ">
   <subfield code="i">Trọng Hải</subfield>
  </datafield>
  <datafield tag="980" ind1=" " ind2=" ">
   <subfield code="a">Trung tâm Học liệu Trường Đại học Cần Thơ</subfield>
  </datafield>
 </record>
</collection>
